Sports Quiz

Random Sports or Football Quiz

Matchweek 18 Premier League Starting Lineups 2016/17 Quiz Stats

Quiz not verified by Sporcle

Challenge
Share
Tweet
Embed
Score 0/220 Timer 20:00
0 Plays Today
% Correct
Petr Cech
95.2%
Hector Bellerin
90.4%
Alexis Sanchez
89.6%
Olivier Giroud
89.6%
Mesut Ozil
88.8%
Laurent Koscielny
86.4%
Nacho Monreal
86.4%
Artur Boruc
83.2%
Thibaut Courtois
83.2%
Eden Hazard
82.4%
Gary Cahill
81.6%
Joshua King
80.8%
David Luiz
80.8%
Andy King
80.8%
Granit Xhaka
80%
Tom Heaton
80%
David de Gea
79.2%
Andre Gray
78.4%
Cesc Fabregas
78.4%
Romelu Lukaku
78.4%
Demarai Gray
78.4%
Gabriel
76.8%
Zlatan Ibrahimovic
76.8%
Victor Moses
76%
Nemanja Matic
76%
Pedro
76%
Christian Benteke
76%
Wes Morgan
76%
Claudio Bravo
76%
Willian
75.2%
Kasper Schmeichel
74.4%
Simon Mignolet
74.4%
John Stones
74.4%
Hugo Lloris
74.4%
Francis Coquelin
73.6%
Cesar Azpilicueta
73.6%
Jordan Henderson
73.6%
Sadio Mane
73.6%
Roberto Firmino
73.6%
Paul Pogba
73.6%
Harry Kane
73.6%
Marcos Alonso
72.8%
Wilfried Zaha
72.8%
Phil Jones
72.8%
Billy Jones
72.8%
Steve Cook
72%
Nathaniel Clyne
72%
Dejan Lovren
72%
Kevin De Bruyne
72%
Fabio
72%
Ashley Williams
71.2%
Leighton Baines
71.2%
Danny Simpson
71.2%
Adam Lallana
71.2%
Nicolas Otamendi
71.2%
Yaya Toure
71.2%
Raheem Sterling
71.2%
Antonio Valencia
71.2%
Harry Arter
70.4%
Joel Ward
70.4%
Gael Clichy
70.4%
David Silva
70.4%
Stephen Ward
69.6%
Marten de Roon
69.6%
Kyle Walker
69.6%
Dele Alli
69.6%
Christian Eriksen
69.6%
Alex Iwobi
68.8%
Adam Smith
68.8%
Brad Smith
68.8%
Michael Keane
68.8%
Joel Robles
68.8%
Seamus Coleman
68.8%
James Milner
68.8%
% Correct
Fernandinho
68.8%
Marcos Rojo
68.8%
Fraser Forster
68.8%
Shinji Okazaki
68%
Bacary Sagna
68%
Daley Blind
68%
Ander Herrera
68%
Danny Rose
68%
Wayne Hennessey
67.2%
Yohan Cabaye
67.2%
Juan Mata
67.2%
Simon Francis
65.6%
Scott Dann
65.6%
Michael Carrick
65.6%
Jan Vertonghen
65.6%
Kevin Mirallas
64.8%
Islam Slimani
64.8%
Alvaro Negredo
64.8%
Victor Wanyama
64.8%
Charlie Daniels
64%
Heurelho Gomes
64%
Jack Wilshere
63.2%
Ben Mee
63.2%
Victor Valdes
63.2%
Eric Dier
63.2%
Jermain Defoe
62.4%
Marc Albrighton
61.6%
Ragnar Klavan
61.6%
Ben Foster
61.6%
Ramiro Funes Mori
60.8%
Mousa Dembele
60.8%
Curtis Davies
60%
Georginio Wijnaldum
60%
Lukasz Fabianski
59.2%
Andy Carroll
59.2%
Michael Dawson
58.4%
Divock Origi
58.4%
Jesse Lingard
58.4%
Craig Dawson
58.4%
Jason Puncheon
57.6%
Gareth Barry
57.6%
Jose Fonte
57.6%
Virgil van Dijk
57.6%
Peter Crouch
57.6%
Salomon Rondon
57.6%
Jordan Pickford
56.8%
Ashley Barnes
56%
Andros Townsend
56%
Gylfi Sigurdsson
56%
Idrissa Gueye
55.2%
Steven Davis
55.2%
Ryan Shawcross
55.2%
Damien Delaney
54.4%
Mark Noble
54.4%
Darren Randolph
53.6%
Jake Livermore
52.8%
Andrew Surman
52%
Tom Huddlestone
52%
Ben Gibson
52%
Joe Allen
52%
Jonny Evans
52%
Ryan Bertrand
51.2%
Odion Ighalo
51.2%
Winston Reid
51.2%
Jeff Hendrick
50.4%
Nolito
50.4%
Dimitri Payet
50.4%
Mason Holgate
49.6%
Robert Snodgrass
49.6%
Lee Grant
49.6%
Moussa Sissoko
49.6%
Calum Chambers
48.8%
James Ward-Prowse
48.8%
Jonathan Walters
48%
% Correct
George Boyd
47.2%
Patrick van Aanholt
46.4%
Etienne Capoue
46.4%
Aaron Cresswell
46.4%
Nathan Redmond
45.6%
Angel Rangel
45.6%
Cheikhou Kouyate
45.6%
Andre Ayew
45.6%
Martin Kelly
44.8%
Cedric Soares
44.8%
Gareth McAuley
44.8%
Darren Fletcher
44.8%
David Marshall
44%
Andrew Robertson
44%
Jay Rodriguez
44%
Lamine Kone
44%
Michail Antonio
44%
Scott Arfield
43.2%
Glen Johnson
43.2%
Ben Chilwell
42.4%
Chris Brunt
42.4%
Sam Clucas
41.6%
Gaston Ramirez
41.6%
Daniel Amartey
40.8%
Sofiane Boufal
40.8%
Angelo Ogbonna
40.8%
Antonio Barragan
40%
Leon Britton
40%
Dan Gosling
39.2%
Aaron Lennon
39.2%
Glenn Whelan
39.2%
Erik Pieters
39.2%
Wayne Routledge
39.2%
Fabio Borini
38.4%
Sebastian Prodl
38.4%
Harry Maguire
37.6%
Ahmed Elmohamady
37.6%
Nacer Chadli
37.6%
Matt Phillips
37.6%
Oriol Romeu
36.8%
Bruno Martins Indi
36.8%
Younes Kaboul
36.8%
Claudio Yacob
36.8%
Jose Holebas
36%
Dean Marney
35.2%
Alfie Mawson
35.2%
Jack Cork
34.4%
Borja Baston
33.6%
Allan-Romeo Nyom
33.6%
Adam Clayton
32.8%
Giannelli Imbula
32.8%
Victor Anichebe
32.8%
Miguel Britos
32.8%
Didier Ndong
31.2%
Dieumerci Mbokani
30.4%
Jon Flanagan
29.6%
Marcin Wasilewski
29.6%
Daryl Janmaat
29.6%
Mame Biram Diouf
28.8%
Cristhian Stuani
28%
Nordin Amrabat
28%
Valon Behrami
27.2%
Mathieu Flamini
25.6%
Adam Forshaw
25.6%
Papy Djilobodji
25.6%
Sebastian Larsson
25.6%
Mike van der Hoorn
24.8%
Jason Denayer
24%
Stephen Kingsley
22.4%
Jay Fulton
20%
Adlene Guedioura
16.8%
Havard Nordtveit
16.8%

You're not logged in!

Compare scores with friends on all Sporcle quizzes.
Join for Free
OR
Log In

You Might Also Like...

Show Comments

Extras

Top Quizzes Today


Score Distribution

Your Account Isn't Verified!

In order to create a playlist on Sporcle, you need to verify the email address you used during registration. Go to your Sporcle Settings to finish the process.

Report this User

Report this user for behavior that violates our Community Guidelines.

Details: